<?xml version="1.0" encoding="UTF-8"?>
<record
    xmlns:xsi="http://www.w3.org/2001/XMLSchema-instance"
    xsi:schemaLocation="http://www.loc.gov/MARC21/slim http://www.loc.gov/standards/marcxml/schema/MARC21slim.xsd"
    xmlns="http://www.loc.gov/MARC21/slim">

  <leader>00462nam a2200133   4500</leader>
  <controlfield tag="008">700.74 F981m</controlfield>
  <datafield tag="020" ind1=" " ind2=" ">
    <subfield code="a">9789929813298</subfield>
  </datafield>
  <datafield tag="082" ind1=" " ind2=" ">
    <subfield code="a">700.74</subfield>
    <subfield code="b">F981m</subfield>
  </datafield>
  <datafield tag="100" ind1=" " ind2=" ">
    <subfield code="a">Mosquera, Gerardo (edici&#xF3;n)</subfield>
    <subfield code="9">7184</subfield>
  </datafield>
  <datafield tag="245" ind1=" " ind2=" ">
    <subfield code="a">22 Bienal de Arte Paiz</subfield>
  </datafield>
  <datafield tag="260" ind1=" " ind2=" ">
    <subfield code="a">Guatemala</subfield>
    <subfield code="b">Fundaci&#xF3;n Paiz para la Educaci&#xF3;n y la Cultura</subfield>
    <subfield code="c">2019</subfield>
  </datafield>
  <datafield tag="300" ind1=" " ind2=" ">
    <subfield code="a">202 p.</subfield>
    <subfield code="b">il. (col)</subfield>
    <subfield code="c">23 x 24 cm</subfield>
  </datafield>
  <datafield tag="650" ind1=" " ind2=" ">
    <subfield code="x">arte contempor&#xE1;neo</subfield>
    <subfield code="x">cat&#xE1;logo de exhibici&#xF3;n</subfield>
    <subfield code="x">arte - Guatemala</subfield>
    <subfield code="x">arte - exhibiciones</subfield>
    <subfield code="9">7185</subfield>
  </datafield>
  <datafield tag="999" ind1=" " ind2=" ">
    <subfield code="c">1851</subfield>
    <subfield code="d">1851</subfield>
  </datafield>
  <datafield tag="952" ind1=" " ind2=" ">
    <subfield code="0">0</subfield>
    <subfield code="1">0</subfield>
    <subfield code="2">ddc</subfield>
    <subfield code="4">0</subfield>
    <subfield code="7">0</subfield>
    <subfield code="a">LV</subfield>
    <subfield code="b">LV</subfield>
    <subfield code="c">Eventos y Bienales</subfield>
    <subfield code="d">2019-10-02</subfield>
    <subfield code="l">0</subfield>
    <subfield code="o">700.74 F981m</subfield>
    <subfield code="p">004837</subfield>
    <subfield code="r">2019-10-02 00:00:00</subfield>
    <subfield code="w">2019-10-02</subfield>
    <subfield code="y">01</subfield>
  </datafield>
</record>
